| 000 | 00918nam a2200253Ia 4500 | ||
|---|---|---|---|
| 003 | OSt | ||
| 005 | 20220918110950.0 | ||
| 006 | a|||||r|||| 00| 0 | ||
| 007 | ta | ||
| 008 | 220915b |||||||| |||| 00| 0 hin d | ||
| 020 | _c400 | ||
| 024 | _a254980 | ||
| 037 |
_b515, 08/03/2010, Vani Prakashan _cReference Collections |
||
| 040 |
_aARTS _cARTS _bhin |
||
| 041 |
_2hin _ahin |
||
| 082 | _aP152:1k, 111P4(RR) | ||
| 100 | _aतिवारी, भोलानाथ, संपा. | ||
| 245 | 0 | _aहिन्दी उच्चारण कोश | |
| 246 | _aHindī uchchāraṇ kosha | ||
| 260 |
_aनई दिल्ली _bवाणी प्रकाशन भारत _c2004 |
||
| 300 | _a458पृ0 | ||
| 942 |
_hP152:1k, 111P4(RR) _cREF |
||
| 999 |
_c116056 _d116056 |
||